[Event "Fagernes Norsk op-A"]
[Site "Fagernes"]
[Date "2014.04.13"]
[Round "1"]
[White "Hansen, Torbjorn Ringdal"]
[Black "Lillevold, Frode"]
[Result "1/2-1/2"]
[WhiteElo "2469"]
[BlackElo "2182"]
[PlyCount "55"]
[EventDate "2014.04.13"]
[EventType "swiss"]
[EventRounds "9"]
[EventCountry "NOR"]
[SourceTitle "CBM 159 Extra"]
[Source "ChessBase"]
[SourceDate "2014.04.24"]
[SourceVersion "1"]
[SourceVersionDate "2014.04.24"]
[SourceQuality "1"]

1. e4 e5 2. Nf3 Nc6 3. Bb5 Nf6 4. Nc3 Nd4 5. Nxe5 Qe7 6. f4 Nxb5 7. Nxb5 d6 8. Nf3 c6 9. Nc3 Nxe4 10. 0-0 Nxc3 11. dxc3 Qc7 12. Re1+ Be7 13. Qe2 Bg4 14. f5 Bxf3 15. gxf3 Rd8 16. Kh1 Kf8 17. Bf4 Bh4 18. Rad1 Bxe1 19. Qxe1 Qe7 20. Qg3 f6 21. Bxd6 Rxd6 22. Rxd6 Kf7 23. Re6 Qd7 24. Qe1 Rd8 25. c4 Qd1 26. Re7+ Kf8 27. Re8+ Kf7 28. Re7+ 1/2-1/2